| 000 | 00643nam a2200229Ia 4500 | ||
|---|---|---|---|
| 005 | 20260320201943.0 | ||
| 008 | 008 262003s9999 xx 000 0 eng d | ||
| 037 | _aEBOOK | ||
| 040 | _aCRL | ||
| 040 | _beng | ||
| 040 | _cCRL | ||
| 041 | _2eng | ||
| 041 | _aeng | ||
| 084 | _qCRL | ||
| 100 |
_aMasood _9206676 |
||
| 245 | 0 | _aResponsible AI in the Enterprise: Practical AI risk management for explainable, auditable, and safe models with hyperscalers and Azure OpenAI | |
| 260 | _bIEEE | ||
| 856 | _uhttps://ieeexplore.ieee.org/servlet/opac?bknumber=10251167 | ||
| 942 | _cEBOOK | ||
| 999 |
_c1724469 _d1724469 |
||